00609nam a2200157Ia 4500008004100000082002600041100004200067245009000109250000600199260002400205300001100229440002500240650005700265952011200322999001700434120622s9999 xx 000 0 und d a086.1 S479c v.28 1969 aJuan Manuel, Infante de C., 1282-1348 aEl conde Lucanor / Don Juan Manuel ; vers. moderna e intr. de Amancio Bolaño e Isla a5 aMéxico : Porrúa a201 p. aSepan cuántos ; 28 a1. CUENTOS ESPAÑOLES \ 2. LITERATURA ESPAÑOLAÌ 00104070a01b01d2007-01-25l1o086.1 S479C V.28 1969p01 002259r2019-03-27s2019-03-27w2012-06-24yLB c56505d56505